Nezaměstnanost a volná pracovní místa
Formulácia, ekonometrický odhad a analýza empiricky orientovaného modelu trhu práce. Model sa odhaduje ekonometricky pre Španielsko a Spojené kráľovstvo pred a po súčasnej hospodárskej kríze. Španielsko predstavuje menej rozvinuté krajiny v južnej Európe, zatiaľ čo Spojené kráľovstvo sa používa ako...
Salvato in:
| Autore principale: | |
|---|---|
| Natura: | Capitolo di libro |
| Lingua: | inglese |
| Soggetti: | |
| Tags: |
Nessun Tag, puoi essere il primo ad aggiungerne!!
|
MARC
| LEADER | 00000naa a2200000 4500 | ||
|---|---|---|---|
| 001 | 0272187 | ||
| 005 | 20210225201137.7 | ||
| 041 | 0 | |a eng | |
| 044 | |a CZ | ||
| 245 | 1 | 0 | |a Nezaměstnanost a volná pracovní místa |c Andrea Čížků |
| 520 | |a Formulácia, ekonometrický odhad a analýza empiricky orientovaného modelu trhu práce. Model sa odhaduje ekonometricky pre Španielsko a Spojené kráľovstvo pred a po súčasnej hospodárskej kríze. Španielsko predstavuje menej rozvinuté krajiny v južnej Európe, zatiaľ čo Spojené kráľovstvo sa používa ako zástupca vyspelých európskych ekonomík. Preskúmanie sily mechanizmu prenosu agregátneho dopytu v týchto dvoch rôznych európskych krajinách a analýza súvislostí medzi multiplicitou rovnovážnej miery nezamestnanosti a silou prenosu mechanizmu agregátneho dopytu. | ||
| 610 | 2 | 0 | |a nezamestnanosť |
| 610 | 2 | 0 | |a miesta pracovné voľné |
| 610 | 2 | 0 | |a produkcia |
| 610 | 2 | 0 | |a trh práce |
| 100 | 1 | |a Čížků, Andrea | |